| 000 | 00708nam a22002417a 4500 | ||
|---|---|---|---|
| 003 | BUBTL | ||
| 008 | 171008b xxu||||| |||| 00| 0 eng d | ||
| 020 | _a9780136085430 | ||
| 041 | _aEnglish | ||
| 082 |
_a658.848/ M2946m/ 2011 _b |
||
| 100 |
_91369 _aMalhotra, Naresh K. |
||
| 245 |
_aMarketing Research/ _bAn Applied Orientation: _cNaresh K. Malhotra |
||
| 250 | _a6th | ||
| 260 |
_aDelhi _bPrentice Hall _cc2011 |
||
| 300 |
_a[xxviii], 948p . : _bill. ; Table, Graph ; 29 cm. _c |
||
| 500 | _aIncludes Index. | ||
| 526 | _aBBA, MBA | ||
| 650 | 0 |
_953 _aMarketing |
|
| 700 |
_aMalhotra, K. Naresh _95378 |
||
| 856 |
_k0 _l0 _yDownload |
||
| 942 |
_2ddc _cBK |
||
| 999 |
_c5519 _d5519 |
||